Les Cartes Clash Royale - Statistiques

Statistiques générales
  • Ce quiz a été pris 33 fois
  • Le résultat moyen est 89 sur 120
Statistiques - réponses
Par images Réponse % Correct
armée de squelettes
96%
bébé dragon
96%
bombardier
96%
sorcier
96%
sorcière
96%
ballon
91%
chevaucheur de cochon
91%
cimetière
91%
fut à squelettes
91%
gobelins
91%
sorcière de la nuit
91%
squelette géant
91%
squelettes
91%
chauves souris
87%
cochons royaux
87%
dragon de l'enfer
87%
électro dragon
87%
électro sorcier
87%
fut à gobelins
87%
gardes
87%
gargouilles
87%
méga gargouille
87%
mini pekka
87%
sorcier de glace
87%
zappy
87%
archères
83%
bouliste
83%
charette à canon
83%
chevalier
83%
électro esprit
83%
électro géant
83%
esprit de glace
83%
fournaise
83%
géant
83%
gobelins à lances
83%
golem de glace
83%
mousquetaire
83%
pekka
83%
prince
83%
voleuse
83%
barbares
78%
bucheron
78%
chasseur
78%
géant royal
78%
golem
78%
horde de gargouilles
78%
mamie sorcière
78%
méga chevalier
78%
princesse
78%
prince ténébreux
78%
trois mousquetaires
78%
valkyrie
78%
arc x
74%
artificière
74%
barbares d'élite
74%
boule de feu
74%
buche
74%
canon
74%
flèches
74%
foudre
74%
fut à barbare
74%
gel
74%
gobelin à sarbacane
74%
méga boule de neige
74%
mineur
74%
miroir
74%
moine
74%
molosse de lave
74%
pécheur
74%
poison
74%
roquette
74%
sapeurs
74%
tesla
74%
tornade
74%
bourreau
70%
cavabélière
70%
dragons squelettes
70%
gang de gobelins
70%
gobelin explosif
70%
machine volante
70%
mortier
70%
rage
70%
reine des archères
70%
roi squelette
70%
tour de l'enfer
70%
archer magique
65%
clonage
65%
colis royal
65%
esprit de guérison
65%
fantome royal
65%
gobelin géant
65%
néant
65%
petit prince
65%
ronces
65%
séisme
65%
tour à bombes
65%
belier de combat
61%
berserker
61%
cage gobeline
61%
chevalier d'or
61%
électrocuteurs
61%
foreuse gobeline
61%
fripons
61%
géante runique
61%
malédiction gobeline
61%
phénix
61%
buisson suspicieux
57%
cabane à gobelins
57%
électrocution
57%
maitre mineur
57%
pierre tombale
57%
cabane de barbares
52%
cheffe des voleuses
52%
extracteur d'élixir
52%
gobelinstein
52%
machine gobeline
52%
golem élixir
48%
recrues royales
48%
impératrice spirituelle
43%
guériseuse armée
35%
Aucun quiz correspondant
Distribution des résultats
% des personnes avec chaque résultat
Percentile par nombre de réponses
Votre historique - résultats
Vous n’avez pas pris ce quiz